Inspiring thought / (Record no. 142355)

MARC details
000 -LEADER
fixed length control field 00484nam a22001817a 4500
005 - DATE AND TIME OF LATEST TRANSACTION
control field 20170707115317.0
010 ## - LCCN (DPL NO)
LC control number ENG-119142
020 ## - INTERNATIONAL STANDARD BOOK NUMBER
International Standard Book Number 9788170239265
Terms of availability 95.00
035 ## - SYSTEM CONTROL NUMBER
System control number EN-102674
037 ## - SOURCE OF ACQUISITION
Source of stock number/acquisition DBAD/PUB
082 ## - DEWEY DECIMAL CLASSIFICATION NUMBER
Classification number 181.49
100 ## - MAIN ENTRY--PERSONAL NAME
Personal name Vivekananda
245 ## - TITLE STATEMENT
Title Inspiring thought /
Statement of responsibility, etc by Vivekananda
260 ## - PUBLICATION, DISTRIBUTION, ETC. (IMPRINT)
Name of publisher, distributor, etc Rajpal and Sons
Place of publication, distribution, etc Delhi
Date of publication, distribution, etc 2011
270 ## - ADDRESS
Address Kashmere Gate
City Delhi
Postal code 110006
300 ## - PHYSICAL DESCRIPTION
Extent 103p.
Dimensions 20cm(Hb)
942 ## - ADDED ENTRY ELEMENTS (KOHA)
Source of classification or shelving scheme Dewey Decimal Classification
Item type English Books
Classification part 181.49
Call number suffix VIV
Holdings
Withdrawn status Lost status Not for loan Collection code Home library Current library Date acquired Source of acquisition Cost, normal purchase price Full call number Barcode Copy number Cost, replacement price Koha item type
      Non-fiction Ashok Vihar Ashok Vihar 07/07/2017 DBAD/PUB 95.00 181.49 VIV EN-102674 1 95.00 English Books

© Delhi Public Library
Hit Counter
free hit counter